Statistics for Top 50 boys’ names of 2013 in England and Wales

Click here to take the quiz!

General Stats

  • This quiz has been taken 1,206 times
  • The average score is 22 of 50

Answer Stats

Rank Name % Correct
#9James
84%
#8William
83%
#3Harry
81%
#10George
78%
#6Thomas
76%
#50David
73%
#2Jack
73%
#22Daniel
71%
#1Oliver
68%
#47Matthew
67%
#18Henry
64%
#45Luke
62%
#30Benjamin
60%
#20Samuel
59%
#19Joseph
58%
#33Edward
58%
#4Jacob
57%
#12Joshua
57%
#5Charlie
55%
#24Alexander
55%
#40Adam
50%
#13Noah
48%
#14Ethan
46%
#32Jake
42%
#26Lucas
41%
#7Oscar
38%
#46Lewis
38%
#25Max
37%
#17Leo
36%
#11Alfie
36%
#29Isaac
35%
#23Mohammed
35%
#39Zachary
33%
#27Mason
31%
#43Arthur
30%
#37Tyler
30%
#35Freddie
29%
#16Archie
27%
#31Dylan
26%
#41Theo
25%
#28Logan
25%
#42Jayden
24%
#38Sebastian
23%
#44Toby
22%
#36Harrison
19%
#21Riley
16%
#48Harvey
16%
#34Finley
14%
#15Muhammad
12%
#49Harley
10%

Score Distribution

Percentile by Number Answered

Percent of People with Each Score

Your Score History

You have not taken this quiz